CEDR calls for more mediation training for judges (Record no. 117498)

MARC details
000 -LEADER
fixed length control field 00903cam a2200205 4500
001 - CONTROL NUMBER
control field WB4022-05
008 - FIXED-LENGTH DATA ELEMENTS--GENERAL INFORMATION
fixed length control field 040610n2004 000 0 eng u
035 ## - SYSTEM CONTROL NUMBER
System control number (Sirsi) u126453
245 ## - TITLE STATEMENT
Title CEDR calls for more mediation training for judges
260 ## - PUBLICATION, DISTRIBUTION, ETC.
Date of publication, distribution, etc. 2004
490 ## - SERIES STATEMENT
Series statement Law Society's Gazette
Volume/sequential designation 101(22) 4 June 2004, 5(1)
520 ## - SUMMARY, ETC.
Summary, etc. Top lawyers and mediators have argued that, judges need to be trained in mediation. The issue has been highlighted following "Halsey v Milton Keynes General NHS Trust" ([2004] EWCA (Civ) 576, [2004] ALL ER CD) 125 (May)), where it was established that a party can refuse to mediate, but the judge had to decide whether the case had a chance of success at mediation.
590 ## - LOCAL NOTE (RLIN)
Local note WB
590 ## - LOCAL NOTE (RLIN)
Local note WB
650 ## - SUBJECT ADDED ENTRY--TOPICAL TERM
Topical term or geographic name entry element MEDIATION
650 ## - SUBJECT ADDED ENTRY--TOPICAL TERM
Topical term or geographic name entry element HALSEY V MILTON KEYNES GENERAL NHS TRUST
650 ## - SUBJECT ADDED ENTRY--TOPICAL TERM
Topical term or geographic name entry element TRAINING
690 ## - LOCAL SUBJECT ADDED ENTRY--TOPICAL TERM (OCLC, RLIN)
Topical term or geographic name as entry element DISPUTE RESOLUTION
9 (RLIN) 6236
942 ## - ADDED ENTRY ELEMENTS (KOHA)
Suppress in OPAC 0
Holdings
Withdrawn status Lost status Source of classification or shelving scheme Damaged status Not for loan Home library Current library Shelving location Date acquired Total Checkouts Full call number Barcode Date last seen Copy number Price effective from Koha item type
    Dewey Decimal Classification     London London News article 10/06/2004   WB4022-05 126453-1001 06/08/2019 1 06/08/2019 News article